• 首页
  • 本馆介绍
  • 公告通知
  • 最新文献
  • 馆藏检索
  • 电子资源
  • 读者荐购
  • 参考咨询
  • CALIS
  • 我的图书馆
  • 登录
  • 详细信息显示
  • 放入我的书架
  • 预约/预借图书
  • 作者相关作品
  • 分类相关作品
  • 丛书相关作品
  • 出版社相关作品

书目信息

  • 表格格式
  • 工作单格式
  • 卡片格式
题名:
石方机械化施工技术
    
 
作者: 刘建亮 编著
分册:  
出版信息: 北京   科学出版社  1997.01
页数: 303页
开本: 32开
丛书名:
单 册:
中图分类: TU751
科图分类:
主题词: 建筑工程--各种
电子资源:
ISBN: 7-03-005458-X
 
 
 
 
 
000 00565nam0 2200193 45
001 0009041748
005 20000904172817.4
010    @a7-03-005458-X@d15.00元
100    @a20000904d1997 km y0chiy0120 ea
101 0  @achi
105    @a z 000yy
200 1  @a石方机械化施工技术@AShi Fang Ji Xie Hua Shi Gong Ji Shu@f刘建亮编著@FLiu Jian Liang Bian Zhu
210    @a北京@c科学出版社@d1997.01
215    @a303页@d32开
606 0  @a建筑工程@x各种
690    @aTU751@v3
701  0 @a刘建亮@4编著
801    @aCN@bPftUser@c20000904
905    @b119616-620@dTU751@eL451@f5
    
    石方机械化施工技术/刘建亮编著.-北京:科学出版社,1997.01
    303页;32开
    
    
    ISBN 7-03-005458-X:15.00元
    
●
相关链接 在E读中查询图书 在当当中查询图书 在豆瓣中查询图书


正题名:石方机械化施工技术     索取号:TU751/L451         预约/预借

序号 登录号 条形码 馆藏地/架位号 状态 备注
1 119616   201196160   建筑库201/201建筑库 41排5列4层/ [索取号:TU751/L451] 在馆    
2 119617   201196179   土木与交通工程学院资料室/土木与交通学院资料室 1排1列1层/ [索取号:TU751/L451] 在馆    
3 119618   201196188   建筑库201/201建筑库 41排5列4层/ [索取号:TU751/L451] 在馆    
4 119619   201196197   建筑库201/201建筑库 41排5列4层/ [索取号:TU751/L451] 在馆    
5 119620   201196204   土木与交通工程学院资料室/土木与交通学院资料室 1排1列1层/ [索取号:TU751/L451] 在馆    
河南城建学院图书馆 欢迎您!
大连网信软件有限公司© 版权所有